01473nam a22002057a 450000500170000000800410001702000180005804000070007604100080008308200230009110000210011424500230013525000120015826000320017030000280020236500640023052009190029465000370121370000170125020220323141849.0220323b ||||| |||| 00| 0 eng d a9780815344995 cAL aeng 223a581.192 bBOWP aCaroline Bowsher aPlant biochemistry a2nd ed. aBoca RatonbCRC Pressc2021 axvi,473p.bPBc28x21cm. 2Generala6468b₹4955.29c₹d₹6352.94e22%f12-03-2022 aPlant Biochemistry focuses on the molecular and cellular aspects of each major metabolic pathway and sets these within the context of the whole plant. Using examples from biomedical, environmental, industrial and agricultural applications, it shows how a fundamental understanding of plant biochemistry can be used to address real-world issues. It illustrates how plants impact human activity and success, in terms of their importance as a food supply and as raw materials for industrial and pharmaceutical products, and considers how humans can benefit from exploiting plant biochemical pathways. All chapters in this second edition have been substantially revised to incorporate the latest research developments, and case studies include updates on progress in developing novel plants and plant products. The artwork, now in full color, superbly illustrates the key concepts and mechanisms presented throughout. 2BiochemistryaPlant Biochemistry aTobin Alyson